[Event "DVM U20w 2022"]
[Site "Münster GER"]
[Date "2022.12.29"]
[Round "6"]
[White "Eichhorn, Elisabeth"]
[Black "Peglau, Sarah"]
[Result "0-1"]
[Termination "normal"]
[Board "1.4"]
[WhiteElo "1330"]
[BlackElo "1790"]
[WhiteClock "00:01:12"]
[BlackClock "00:09:15"]
[WhiteTeam "Karlsruher SF 1853 1"]
[BlackTeam "Schachzentrum Seeblick e. V."]
[PlyCount "90"]
[WhiteFideId "16235070"]
[BlackFideId "16219961"]
[EventCountry "GER"]
[EventRounds "7"]
[EventType "team-swiss"]
[EventDate "2022.12.26"]

1. d4 {[%clk 01:30:59]} e6 {[%clk 01:30:15]} {[%emt 00:00:45]} 2. e4 {[%clk
01:30:48]} {[%emt 00:00:41]} b6 {[%clk 01:27:34]} {[%emt 00:03:11]} 3. Nc3
{[%clk 01:29:53]} {[%emt 00:01:24]} Bb7 {[%clk 01:27:29]} {[%emt 00:00:35]} 4.
Nf3 {[%clk 01:21:09]} {[%emt 00:09:14]} Bb4 {[%clk 01:23:57]} {[%emt 00:04:01]}
5. Bd3 {[%clk 01:20:13]} {[%emt 00:01:26]} Nf6 {[%clk 01:22:47]} {[%emt
00:01:40]} 6. Bg5 {[%clk 01:19:29]} {[%emt 00:01:14]} h6 {[%clk 01:22:56]}
{[%emt 00:00:21]} 7. Bxf6 {[%clk 01:16:36]} {[%emt 00:03:24]} Qxf6 {[%clk
01:22:26]} {[%emt 00:01:00]} 8. a3 {[%clk 01:14:57]} {[%emt 00:02:09]} Bxc3
{[%clk 01:03:06]} {[%emt 00:19:49]} 9. bxc3 {[%clk 01:14:50]} {[%emt 00:00:36]}
d6 {[%clk 00:59:57]} {[%emt 00:03:39]} 10. Qe2 {[%clk 01:09:02]} {[%emt
00:06:18]} Nd7 {[%clk 00:59:31]} {[%emt 00:00:56]} 11. Nd2 {[%clk 01:01:20]}
{[%emt 00:08:12]} Ke7 {[%clk 00:54:29]} {[%emt 00:05:32]} 12. Qe3 {[%clk
00:54:02]} {[%emt 00:07:48]} g5 {[%clk 00:51:32]} {[%emt 00:03:26]} 13. h3
{[%clk 00:48:23]} {[%emt 00:06:10]} Qf4 {[%clk 00:46:57]} {[%emt 00:05:04]} 14.
Qe2 {[%clk 00:45:41]} {[%emt 00:03:12]} Rag8 {[%clk 00:45:51]} {[%emt
00:01:36]} 15. g3 {[%clk 00:42:10]} {[%emt 00:04:01]} Qf6 {[%clk 00:45:29]}
{[%emt 00:00:51]} 16. O-O-O {[%clk 00:42:17]} {[%emt 00:00:24]} c5 {[%clk
00:42:51]} {[%emt 00:03:07]} 17. Nc4 {[%clk 00:29:14]} {[%emt 00:13:32]} cxd4
{[%clk 00:41:49]} {[%emt 00:01:33]} 18. cxd4 {[%clk 00:28:01]} {[%emt
00:01:43]} Qxd4 {[%clk 00:41:41]} {[%emt 00:00:39]} 19. Qe3 {[%clk 00:19:00]}
{[%emt 00:09:30]} Qxe3 {[%clk 00:35:58]} {[%emt 00:06:13]} 20. Nxe3 {[%clk
00:19:12]} {[%emt 00:00:18]} f5 {[%clk 00:27:40]} {[%emt 00:08:48]} 21. f3
{[%clk 00:13:37]} {[%emt 00:06:05]} fxe4 {[%clk 00:28:01]} {[%emt 00:00:09]}
22. fxe4 {[%clk 00:13:38]} {[%emt 00:00:28]} Nc5 {[%clk 00:27:54]} {[%emt
00:00:38]} 23. Rhe1 {[%clk 00:11:47]} {[%emt 00:02:21]} Nxe4 {[%clk 00:27:14]}
{[%emt 00:01:10]} 24. Bxe4 {[%clk 00:08:59]} {[%emt 00:03:18]} Bxe4 {[%clk
00:27:42]} {[%emt 00:00:03]} 25. Nc4 {[%clk 00:08:42]} {[%emt 00:00:46]} d5
{[%clk 00:27:47]} {[%emt 00:00:24]} 26. Nd2 {[%clk 00:08:41]} {[%emt 00:00:31]}
Bf5 {[%clk 00:27:29]} {[%emt 00:00:48]} 27. g4 {[%clk 00:08:33]} {[%emt
00:00:39]} Bg6 {[%clk 00:27:12]} {[%emt 00:00:46]} 28. Nf3 {[%clk 00:08:31]}
{[%emt 00:00:31]} Rd8 {[%clk 00:19:15]} {[%emt 00:08:29]} 29. Ne5 {[%clk
00:07:52]} {[%emt 00:01:09]} Be8 {[%clk 00:18:32]} {[%emt 00:01:11]} 30. Rd2
{[%clk 00:06:38]} {[%emt 00:01:45]} Rf8 {[%clk 00:18:21]} {[%emt 00:00:40]} 31.
Rde2 {[%clk 00:06:49]} {[%emt 00:00:20]} Rf6 {[%clk 00:17:51]} {[%emt
00:01:00]} 32. Nd3 {[%clk 00:06:33]} {[%emt 00:00:46]} Bb5 {[%clk 00:17:05]}
{[%emt 00:01:15]} 33. Rd2 {[%clk 00:05:43]} {[%emt 00:01:21]} Bxd3 {[%clk
00:13:00]} {[%emt 00:04:36]} 34. cxd3 {[%clk 00:04:39]} {[%emt 00:01:33]} Rf3
{[%clk 00:11:54]} {[%emt 00:01:36]} 35. Rh1 {[%clk 00:04:39]} {[%emt 00:00:30]}
Rdf8 {[%clk 00:11:44]} {[%emt 00:00:41]} 36. Rdd1 {[%clk 00:04:03]} {[%emt
00:01:06]} Rf2 {[%clk 00:09:26]} {[%emt 00:02:48]} 37. Kb1 {[%clk 00:03:24]}
{[%emt 00:01:08]} Rc8 {[%clk 00:09:19]} {[%emt 00:00:37]} 38. Rc1 {[%clk
00:02:17]} {[%emt 00:01:37]} Rxc1 {[%clk 00:09:22]} {[%emt 00:00:28]} 39. Rxc1
{[%clk 00:02:34]} {[%emt 00:00:12]} Kd7 {[%clk 00:09:47]} {[%emt 00:00:05]} 40.
Rh1 {[%clk 00:02:21]} {[%emt 00:00:43]} Rd2 {[%clk 00:10:00]} {[%emt 00:00:17]}
41. Rf1 {[%clk 00:02:03]} {[%emt 00:00:48]} Rxd3 {[%clk 00:10:08]} {[%emt
00:00:23]} 42. Rf7 {[%clk 00:01:51]} {[%emt 00:00:41]} Kd6 {[%clk 00:09:33]}
{[%emt 00:01:05]} 43. Rxa7 {[%clk 00:02:00]} {[%emt 00:00:20]} Rxh3 {[%clk
00:09:57]} {[%emt 00:00:07]} 44. Rh7 {[%clk 00:01:57]} {[%emt 00:00:32]} Rxa3
{[%clk 00:08:57]} {[%emt 00:01:31]} 45. Rxh6 {[%clk 00:01:12]} {[%emt
00:01:15]} Rg3 {[%clk 00:09:15]} {[%emt 00:00:12]} 0-1

[Event "DVM U20w 2022"]
[Site "Münster GER"]
[Date "2022.12.29"]
[Round "6"]
[White "Dietz, Kristin"]
[Black "Mönster, Madita"]
[Result "0-1"]
[Termination "normal"]
[Board "2.1"]
[WhiteElo "1762"]
[BlackElo "1916"]
[WhiteClock "00:34:28"]
[BlackClock "00:15:15"]
[WhiteTeam "USV Halle"]
[BlackTeam "SK Nordhorn-Blanke"]
[PlyCount "104"]
[WhiteFideId "12993743"]
[BlackFideId "12947156"]
[EventCountry "GER"]
[EventRounds "7"]
[EventType "team-swiss"]
[EventDate "2022.12.26"]

1. e4 {[%clk 01:30:58]} {[%emt 00:00:02]} c5 {[%clk 01:30:55]} {[%emt
00:00:05]} 2. Nc3 {[%clk 01:31:23]} {[%emt 00:00:05]} Nc6 {[%clk 01:31:08]}
{[%emt 00:00:16]} 3. Bb5 {[%clk 01:31:47]} {[%emt 00:00:06]} Nd4 {[%clk
01:30:48]} {[%emt 00:00:50]} 4. Nf3 {[%clk 01:32:02]} {[%emt 00:00:14]} g6
{[%clk 01:26:47]} {[%emt 00:04:31]} 5. Nxd4 {[%clk 01:31:54]} {[%emt 00:00:39]}
cxd4 {[%clk 01:27:11]} {[%emt 00:00:06]} 6. Ne2 {[%clk 01:32:16]} {[%emt
00:00:07]} Bg7 {[%clk 01:27:20]} {[%emt 00:00:21]} 7. O-O {[%clk 01:32:01]}
{[%emt 00:00:45]} e6 {[%clk 01:26:03]} {[%emt 00:01:46]} 8. c3 {[%clk
01:30:16]} {[%emt 00:02:15]} dxc3 {[%clk 01:23:57]} {[%emt 00:02:36]} 9. dxc3
{[%clk 01:30:24]} {[%emt 00:00:22]} a6 {[%clk 01:20:16]} {[%emt 00:04:11]} 10.
Bd3 {[%clk 01:28:53]} {[%emt 00:02:00]} d6 {[%clk 01:19:26]} {[%emt 00:01:20]}
11. f4 {[%clk 01:25:42]} {[%emt 00:03:41]} Ne7 {[%clk 01:19:26]} {[%emt
00:00:30]} 12. Ng3 {[%clk 01:24:07]} {[%emt 00:02:05]} O-O {[%clk 01:15:28]}
{[%emt 00:04:28]} 13. f5 {[%clk 01:18:31]} {[%emt 00:06:08]} Nc6 {[%clk
01:14:35]} {[%emt 00:01:23]} 14. Be3 {[%clk 01:15:16]} {[%emt 00:03:45]} d5
{[%clk 01:08:00]} {[%emt 00:07:05]} 15. exd5 {[%clk 01:14:24]} {[%emt
00:01:22]} exd5 {[%clk 01:07:13]} {[%emt 00:01:17]} 16. Bc5 {[%clk 01:13:51]}
{[%emt 00:01:03]} Re8 {[%clk 01:07:13]} {[%emt 00:00:31]} 17. Qb3 {[%clk
01:12:21]} {[%emt 00:01:59]} Re5 {[%clk 00:52:39]} {[%emt 00:15:04]} 18. Rad1
{[%clk 01:07:44]} {[%emt 00:05:07]} b5 {[%clk 00:45:47]} {[%emt 00:07:22]} 19.
Be4 {[%clk 00:56:57]} {[%emt 00:11:17]} Na5 {[%clk 00:33:22]} {[%emt 00:12:55]}
20. Qc2 {[%clk 00:56:10]} {[%emt 00:01:17]} Qc7 {[%clk 00:31:25]} {[%emt
00:02:28]} 21. Qf2 {[%clk 00:47:19]} {[%emt 00:09:20]} dxe4 {[%clk 00:25:20]}
{[%emt 00:06:35]} 22. Bd6 {[%clk 00:45:24]} {[%emt 00:02:26]} e3 {[%clk
00:22:48]} {[%emt 00:03:01]} 23. Bxc7 {[%clk 00:42:35]} {[%emt 00:03:20]} exf2
{[%clk 00:23:12]} {[%emt 00:00:05]} 24. Rxf2 {[%clk 00:42:58]} {[%emt
00:00:07]} Nc6 {[%clk 00:22:20]} {[%emt 00:01:23]} 25. f6 {[%emt 00:02:51]}
Bxf6 {[%clk 00:20:04]} {[%emt 00:02:43]} 26. Rxf6 {[%clk 00:41:03]} {[%emt
00:00:07]} Re6 {[%clk 00:20:28]} {[%emt 00:00:06]} 27. Rf4 {[%clk 00:38:22]}
{[%emt 00:03:11]} Ra7 {[%clk 00:18:11]} {[%emt 00:02:47]} 28. Bb6 {[%clk
00:37:35]} {[%emt 00:01:16]} Rae7 {[%clk 00:18:29]} {[%emt 00:00:12]} 29. Kf2
{[%clk 00:36:05]} {[%emt 00:02:00]} h5 {[%clk 00:17:47]} {[%emt 00:01:12]} 30.
Bc5 {[%clk 00:36:09]} {[%emt 00:00:26]} Re8 {[%clk 00:17:32]} {[%emt 00:00:44]}
31. h4 {[%clk 00:35:58]} {[%emt 00:00:41]} Ne5 {[%clk 00:15:34]} {[%emt
00:02:29]} 32. Kg1 {[%clk 00:28:16]} {[%emt 00:08:11]} Ng4 {[%clk 00:07:13]}
{[%emt 00:08:52]} 33. Rdf1 {[%clk 00:27:29]} {[%emt 00:01:17]} Rc6 {[%clk
00:07:21]} {[%emt 00:00:22]} 34. Bd4 {[%emt 00:01:35]} Be6 {[%clk 00:07:34]}
{[%emt 00:00:15]} 35. a3 {[%clk 00:23:30]} {[%emt 00:03:27]} Bc4 {[%clk
00:07:05]} {[%emt 00:00:59]} 36. Rd1 {[%clk 00:23:27]} {[%emt 00:00:29]} Rce6
{[%clk 00:07:03]} {[%emt 00:00:35]} 37. Nf1 {[%clk 00:21:44]} {[%emt 00:02:13]}
Re2 {[%clk 00:05:28]} {[%emt 00:02:05]} 38. Rd2 {[%clk 00:20:24]} {[%emt
00:01:51]} Re1 {[%clk 00:02:09]} {[%emt 00:03:48]} 39. g3 {[%clk 00:17:54]}
{[%emt 00:03:00]} Rb1 {[%clk 00:01:11]} {[%emt 00:01:28]} 40. Kg2 {[%clk
00:17:15]} {[%emt 00:01:10]} Bd5 {[%clk 00:01:10]} {[%emt 00:00:31]} 41. Kg1
{[%clk 00:16:46]} {[%emt 00:00:59]} Ree1 {[%clk 00:21:31]} {[%emt 00:10:08]}
42. b3 {[%clk 00:41:05]} {[%emt 00:06:11]} Bxb3 {[%clk 00:21:20]} {[%emt
00:00:41]} 43. Bf6 {[%clk 00:35:21]} {[%emt 00:06:14]} Nxf6 {[%clk 00:18:47]}
{[%emt 00:03:03]} 44. Rxf6 {[%clk 00:35:45]} {[%emt 00:00:06]} Bc4 {[%clk
00:17:55]} {[%emt 00:01:22]} 45. Rdf2 {[%clk 00:35:44]} {[%emt 00:00:31]} Ra1
{[%clk 00:17:11]} {[%emt 00:01:15]} 46. Kg2 {[%clk 00:35:02]} {[%emt 00:01:12]}
Rxa3 {[%clk 00:16:31]} {[%emt 00:01:09]} 47. Nd2 {[%clk 00:33:37]} {[%emt
00:01:56]} Bd5 {[%clk 00:16:26]} {[%emt 00:00:36]} 48. Nf3 {[%clk 00:34:00]}
{[%emt 00:00:06]} Rxc3 {[%clk 00:15:54]} {[%emt 00:01:02]} 49. Rxa6 {[%clk
00:33:18]} {[%emt 00:01:12]} Ree3 {[%clk 00:14:46]} {[%emt 00:01:38]} 50. Rf6
{[%clk 00:33:38]} {[%emt 00:00:10]} Bxf3 {[%clk 00:14:32]} {[%emt 00:00:44]}
51. R6xf3 {[%clk 00:34:02]} {[%emt 00:00:05]} Rxf3 {[%clk 00:14:51]} {[%emt
00:00:12]} 52. Rxf3 {[%clk 00:34:28]} {[%emt 00:00:04]} Rxf3 {[%clk 00:15:15]}
{[%emt 00:00:06]} 0-1

[Event "DVM U20w 2022"]
[Site "Münster GER"]
[Date "2022.12.29"]
[Round "6"]
[White "Brunner, Sophia"]
[Black "Voigt, Anastasia"]
[Result "0-1"]
[Termination "normal"]
[Board "2.2"]
[WhiteElo "1832"]
[BlackElo "1825"]
[WhiteClock "00:02:57"]
[BlackClock "00:03:53"]
[WhiteTeam "SK Nordhorn-Blanke"]
[BlackTeam "USV Halle"]
[PlyCount "72"]
[WhiteFideId "12960683"]
[BlackFideId "16235223"]
[EventCountry "GER"]
[EventRounds "7"]
[EventType "team-swiss"]
[EventDate "2022.12.26"]

1. d4 {[%clk 01:30:56]} {[%emt 00:00:03]} d5 {[%clk 01:30:56]} {[%emt
00:00:05]} 2. c4 {[%clk 01:31:16]} {[%emt 00:00:10]} e6 {[%clk 01:31:22]}
{[%emt 00:00:04]} 3. g3 {[%clk 01:31:37]} {[%emt 00:00:10]} Nf6 {[%clk
01:31:21]} {[%emt 00:00:31]} 4. Bg2 {[%clk 01:31:53]} {[%emt 00:00:13]} Be7
{[%clk 01:31:04]} {[%emt 00:00:46]} 5. Nf3 {[%clk 01:32:15]} {[%emt 00:00:09]}
O-O {[%clk 01:31:20]} {[%emt 00:00:14]} 6. O-O {[%clk 01:32:36]} {[%emt
00:00:10]} c5 {[%clk 01:30:48]} {[%emt 00:01:02]} 7. cxd5 {[%clk 01:25:54]}
{[%emt 00:07:12]} exd5 {[%clk 01:30:47]} {[%emt 00:00:31]} 8. Nc3 {[%clk
01:26:02]} {[%emt 00:00:22]} Nc6 {[%clk 01:30:13]} {[%emt 00:01:03]} 9. e3
{[%clk 01:22:04]} {[%emt 00:04:29]} Bf5 {[%clk 01:28:20]} {[%emt 00:02:21]} 10.
dxc5 {[%clk 01:18:46]} {[%emt 00:03:50]} Bxc5 {[%clk 01:28:42]} {[%emt
00:00:08]} 11. Nd4 {[%clk 01:16:29]} {[%emt 00:02:47]} Nxd4 {[%clk 01:27:53]}
{[%emt 00:01:19]} 12. exd4 {[%clk 01:16:38]} {[%emt 00:00:21]} Bb6 {[%clk
01:24:55]} {[%emt 00:03:25]} 13. Bg5 {[%clk 01:16:19]} {[%emt 00:00:53]} Be6
{[%clk 01:24:11]} {[%emt 00:01:13]} 14. f4 {[%clk 01:12:31]} {[%emt 00:04:18]}
h6 {[%clk 01:22:14]} {[%emt 00:02:27]} 15. Bh4 {[%clk 01:11:14]} {[%emt
00:01:48]} g6 {[%clk 00:54:14]} {[%emt 00:28:30]} 16. g4 {[%clk 00:51:20]}
{[%emt 00:20:23]} g5 {[%clk 00:44:01]} {[%emt 00:10:42]} 17. f5 {[%clk
00:42:08]} {[%emt 00:09:43]} gxh4 {[%clk 00:44:20]} {[%emt 00:00:11]} 18. fxe6
{[%clk 00:42:32]} {[%emt 00:00:05]} fxe6 {[%clk 00:44:36]} {[%emt 00:00:15]}
19. Re1 {[%clk 00:40:41]} {[%emt 00:02:21]} Qd6 {[%clk 00:43:26]} {[%emt
00:01:37]} 20. Qd3 {[%clk 00:35:15]} {[%emt 00:05:59]} Kg7 {[%clk 00:42:52]}
{[%emt 00:01:03]} 21. Bh3 {[%clk 00:30:09]} {[%emt 00:05:36]} Rae8 {[%clk
00:40:24]} {[%emt 00:02:56]} 22. Kh1 {[%clk 00:29:39]} {[%emt 00:01:02]} Qf4
{[%clk 00:36:22]} {[%emt 00:04:31]} 23. Rad1 {[%clk 00:29:18]} {[%emt
00:00:52]} Qg5 {[%clk 00:28:31]} {[%emt 00:08:20]} 24. Re5 {[%clk 00:28:22]}
{[%emt 00:01:27]} Qg6 {[%clk 00:25:00]} {[%emt 00:04:00]} 25. Qe3 {[%clk
00:23:58]} {[%emt 00:04:54]} Nd7 {[%clk 00:22:52]} {[%emt 00:02:34]} 26. Rh5
{[%clk 00:23:04]} {[%emt 00:01:29]} Bd8 {[%clk 00:18:19]} {[%emt 00:05:01]} 27.
Nb5 {[%clk 00:20:06]} {[%emt 00:03:30]} Bg5 {[%clk 00:17:58]} {[%emt 00:00:51]}
28. Qe2 {[%clk 00:20:06]} {[%emt 00:00:30]} a6 {[%clk 00:11:17]} {[%emt
00:07:11]} 29. Nd6 {[%clk 00:13:47]} {[%emt 00:06:50]} Rb8 {[%clk 00:10:15]}
{[%emt 00:01:30]} 30. Re1 {[%clk 00:11:17]} {[%emt 00:03:01]} Rf6 {[%clk
00:08:22]} {[%emt 00:02:23]} 31. b3 {[%clk 00:05:29]} {[%emt 00:06:19]} Bf4
{[%clk 00:04:22]} {[%emt 00:04:29]} 32. Nxb7 {[%clk 00:05:12]} {[%emt
00:00:47]} Rxb7 {[%clk 00:04:38]} {[%emt 00:00:13]} 33. Qxa6 {[%clk 00:05:34]}
{[%emt 00:00:08]} Rc7 {[%clk 00:04:28]} {[%emt 00:00:39]} 34. Qa8 {[%clk
00:04:22]} {[%emt 00:01:44]} Rc2 {[%clk 00:03:37]} {[%emt 00:01:18]} 35. Bg2
{[%clk 00:02:37]} {[%emt 00:02:18]} Rxg2 {[%clk 00:03:34]} {[%emt 00:00:33]}
36. Kxg2 {[%clk 00:02:57]} {[%emt 00:00:10]} Qxg4 {[%clk 00:03:53]} {[%emt
00:00:10]} 0-1

[Event "DVM U20w 2022"]
[Site "Münster GER"]
[Date "2022.12.29"]
[Round "6"]
[White "Stowicek, Yara Mathilda"]
[Black "Wilmink, Anna"]
[Result "1-0"]
[Termination "normal"]
[Board "2.3"]
[WhiteElo "1764"]
[BlackElo "1725"]
[WhiteClock "00:47:40"]
[BlackClock "00:12:55"]
[WhiteTeam "USV Halle"]
[BlackTeam "SK Nordhorn-Blanke"]
[PlyCount "101"]
[WhiteFideId "16203569"]
[BlackFideId "16273680"]
[EventCountry "GER"]
[EventRounds "7"]
[EventType "team-swiss"]
[EventDate "2022.12.26"]

1. e4 {[%clk 01:30:58]} {[%emt 00:00:01]} e6 {[%clk 01:30:55]} {[%emt
00:00:06]} 2. d4 {[%clk 01:31:22]} {[%emt 00:00:06]} d5 {[%clk 01:31:20]}
{[%emt 00:00:06]} 3. Nd2 {[%clk 01:31:42]} {[%emt 00:00:09]} h6 {[%clk
01:31:44]} {[%emt 00:00:06]} 4. Bd3 {[%clk 01:29:47]} {[%emt 00:02:25]} c5
{[%clk 01:32:04]} {[%emt 00:00:10]} 5. exd5 {[%clk 01:28:25]} {[%emt 00:01:52]}
exd5 {[%clk 01:32:17]} {[%emt 00:00:17]} 6. dxc5 {[%clk 01:27:18]} {[%emt
00:01:38]} Bxc5 {[%clk 01:32:37]} {[%emt 00:00:10]} 7. Ngf3 {[%clk 01:27:02]}
{[%emt 00:00:45]} Nf6 {[%clk 01:32:12]} {[%emt 00:00:55]} 8. O-O {[%clk
01:26:08]} {[%emt 00:01:23]} O-O {[%clk 01:32:03]} {[%emt 00:00:40]} 9. Nb3
{[%clk 01:24:34]} {[%emt 00:02:04]} Bb6 {[%clk 01:31:53]} {[%emt 00:00:40]} 10.
Nbd4 {[%clk 01:20:20]} {[%emt 00:04:44]} Nc6 {[%clk 01:28:28]} {[%emt
00:03:55]} 11. c3 {[%clk 01:19:33]} {[%emt 00:01:17]} Bg4 {[%clk 01:24:21]}
{[%emt 00:04:38]} 12. Qc2 {[%clk 01:15:38]} {[%emt 00:04:24]} Rc8 {[%clk
01:22:06]} {[%emt 00:02:45]} 13. Qa4 {[%clk 01:13:47]} {[%emt 00:02:22]} Bd7
{[%clk 01:13:46]} {[%emt 00:08:50]} 14. Qd1 {[%emt 00:01:28]} Ne4 {[%clk
01:10:46]} {[%emt 00:03:26]} 15. Be3 {[%clk 01:11:10]} {[%emt 00:02:12]} Bg4
{[%clk 01:07:52]} {[%emt 00:03:25]} 16. h3 {[%clk 01:10:47]} {[%emt 00:00:52]}
Bxf3 {[%clk 01:01:49]} {[%emt 00:06:33]} 17. Qxf3 {[%clk 01:10:49]} {[%emt
00:00:28]} Ne5 {[%clk 01:01:32]} {[%emt 00:00:47]} 18. Qe2 {[%clk 01:10:47]}
{[%emt 00:00:31]} Nxd3 {[%clk 00:59:01]} {[%emt 00:03:02]} 19. Qxd3 {[%clk
01:11:05]} {[%emt 00:00:12]} Re8 {[%clk 00:57:00]} {[%emt 00:02:32]} 20. Rad1
{[%clk 01:10:54]} {[%emt 00:00:40]} Nf6 {[%clk 00:50:06]} {[%emt 00:07:24]} 21.
Nf5 {[%clk 01:08:44]} {[%emt 00:02:39]} Rc6 {[%clk 00:44:43]} {[%emt 00:05:53]}
22. Bxh6 {[%clk 01:01:15]} {[%emt 00:07:58]} Nh5 {[%clk 00:32:06]} {[%emt
00:13:08]} 23. Be3 {[%clk 00:58:42]} {[%emt 00:03:03]} Nf6 {[%clk 00:29:18]}
{[%emt 00:03:18]} 24. Bg5 {[%clk 00:58:04]} {[%emt 00:01:08]} Qd7 {[%clk
00:28:14]} {[%emt 00:01:35]} 25. Bxf6 {[%clk 00:54:51]} {[%emt 00:03:43]} Rxf6
{[%clk 00:28:18]} {[%emt 00:00:26]} 26. Nd4 {[%clk 00:54:16]} {[%emt 00:01:05]}
Rg6 {[%clk 00:25:45]} {[%emt 00:03:03]} 27. Kh1 {[%clk 00:52:32]} {[%emt
00:02:13]} Rd8 {[%clk 00:19:28]} {[%emt 00:06:48]} 28. Rd2 {[%clk 00:51:30]}
{[%emt 00:01:31]} Qd6 {[%clk 00:16:14]} {[%emt 00:03:45]} 29. Rfd1 {[%clk
00:50:14]} {[%emt 00:01:45]} Qf4 {[%clk 00:12:09]} {[%emt 00:04:36]} 30. Qf3
{[%clk 00:47:36]} {[%emt 00:03:07]} Qg5 {[%clk 00:09:55]} {[%emt 00:02:45]} 31.
g3 {[%clk 00:37:43]} {[%emt 00:10:23]} Rf6 {[%clk 00:07:46]} {[%emt 00:02:39]}
32. Qg2 {[%clk 00:37:16]} {[%emt 00:00:56]} a6 {[%clk 00:04:34]} {[%emt
00:03:44]} 33. f4 {[%clk 00:36:48]} {[%emt 00:00:57]} Qh6 {[%clk 00:03:29]}
{[%emt 00:01:36]} 34. Nf3 {[%clk 00:35:21]} {[%emt 00:01:55]} Rfd6 {[%clk
00:01:59]} {[%emt 00:02:01]} 35. Nd4 {[%clk 00:34:19]} {[%emt 00:01:32]} Qf6
{[%clk 00:01:13]} {[%emt 00:01:17]} 36. Qf3 {[%clk 00:33:51]} {[%emt 00:00:56]}
R6d7 {[%clk 00:00:50]} {[%emt 00:00:55]} 37. g4 {[%clk 00:33:47]} {[%emt
00:00:34]} Bc7 {[%clk 00:00:34]} {[%emt 00:00:46]} 38. Ne2 {[%clk 00:32:46]}
{[%emt 00:01:31]} Qd6 {[%clk 00:00:43]} {[%emt 00:00:22]} 39. c4 {[%clk
00:30:11]} {[%emt 00:03:05]} Qe6 {[%clk 00:00:35]} {[%emt 00:00:38]} 40. cxd5
{[%clk 00:29:59]} {[%emt 00:00:41]} Qe7 {[%clk 00:00:43]} {[%emt 00:00:23]} 41.
Nc3 {[%clk 00:28:43]} {[%emt 00:01:45]} Qf6 {[%clk 00:29:30]} {[%emt 00:01:43]}
42. f5 {[%clk 00:56:18]} {[%emt 00:02:56]} Qd6 {[%clk 00:28:15]} {[%emt
00:01:44]} 43. Ne4 {[%clk 00:55:19]} {[%emt 00:01:29]} Qb4 {[%clk 00:25:13]}
{[%emt 00:03:32]} 44. a3 {[%clk 00:52:31]} {[%emt 00:03:17]} Qb6 {[%clk
00:23:45]} {[%emt 00:01:58]} 45. g5 {[%clk 00:50:01]} {[%emt 00:03:00]} Re8
{[%clk 00:21:47]} {[%emt 00:02:29]} 46. f6 {[%clk 00:48:37]} {[%emt 00:01:53]}
Be5 {[%clk 00:19:24]} {[%emt 00:02:53]} 47. b4 {[%clk 00:47:59]} {[%emt
00:01:08]} Qb5 {[%clk 00:17:43]} {[%emt 00:02:11]} 48. fxg7 {[%clk 00:47:14]}
{[%emt 00:01:15]} Bxg7 {[%clk 00:14:52]} {[%emt 00:03:21]} 49. Nf6 {[%clk
00:47:25]} {[%emt 00:00:18]} Bxf6 {[%clk 00:14:23]} {[%emt 00:01:00]} 50. gxf6
{[%clk 00:47:48]} {[%emt 00:00:08]} Kf8 {[%clk 00:12:55]} {[%emt 00:01:57]} 51.
Qh5 {[%clk 00:47:40]} {[%emt 00:00:37]} 1-0